The Legend of Zelda II: Adventure of Link - Equipment - Statistics

General Stats
  • This quiz has been taken 18 times
  • The average score is 14 of 25
Answer Stats
Answer % Correct
Jump Spell
100%
Shield Spell
100%
Fairy Spell
91%
Life Spell
91%
Fire Spell
82%
Kidnapped Child
82%
Thunder Spell
82%
Candle
73%
Hammer
73%
Raft
73%
Spell Spell
73%
Boots
64%
Trophy
64%
Flute
55%
Reflect Spell
55%
Cross
45%
Handy Glove
45%
Magical Key
36%
Magical Sword
27%
P-Bag
27%
Water of Life
27%
1-Up Doll
18%
Magical Shield
18%
Six Crystals
18%
Triforce of Courage
18%
No matching quizzes found
Score Distribution
Percent of People with Each Score
Percentile by Number Answered
Your Score History
You have not taken this quiz